| 000 | 01313nam a2200373 i 4500 | ||
|---|---|---|---|
| 001 | 13519 | ||
| 003 | KOSZ 005 | ||
| 005 | 20200623085146.0 | ||
| 008 | 200403s1971 pl a f f 001 0 pol | ||
| 015 | _aPB 1971/4955 | ||
| 040 |
_aWA N _cWA N _dKOSZ 005/RW |
||
| 046 | _k1971 | ||
| 080 | _a51 | ||
| 245 | 0 | 0 |
_aPoradnik inżyniera : _bmatematyka / _c[autorzy Krystyna Bieńkowska et al.] ; kolegium redakcyjne Jerzy Dreszer [et al.]. |
| 246 | 3 | 0 | _aMatematyka |
| 260 |
_aWarszawa : _bWydawnictwa Naukowo-Techniczne, _c1971. |
||
| 300 |
_aXV, 1335, [1] strony : _bilustracje, errata ; _c22 cm. |
||
| 336 |
_aTekst _btxt _2rdacontent |
||
| 337 |
_aBez urządzenia pośredniczącego _bn _2rdamedia |
||
| 338 |
_aWolumin _bnc _2rdacarrier |
||
| 380 | _aKsiążki. | ||
| 380 | _aPublikacje informacyjne | ||
| 388 | _a1901-2000 | ||
| 388 | _a1945-1989 | ||
| 504 | _aBibliografia przy rozdziałach. Indeks. | ||
| 650 | 7 | _aMatematyka | |
| 655 | 7 | _aPoradnik | |
| 658 | _aMatematyka | ||
| 700 | 1 |
_aDreszer, Jerzy _d(1917-1986) _eRedakcja |
|
| 700 | 1 |
_aBieńkowska-Lipińska, Krystyna _eAutor |
|
| 710 | 2 |
_aWydawnictwa Naukowo-Techniczne _4pbl |
|
| 856 |
_uhttp://koha.tu.koszalin.pl/cgi-bin/koha/opac-detail.pl?biblionumber=13519 _yKatalog online BPK |
||
| 942 |
_2UKD _cKS |
||
| 999 |
_c13519 _d13519 |
||